000 00463nam a22001937a 4500
003 LK-CoDNM
005 20250107123843.0
008 250107b |||||||| |||| 00| 0 eng d
040 _aLK-CoDNM
_dLK-CoDNM
_eLK-CoDNM
041 _aeng
080 _a4
_bG21
100 _aSclater,W.L
245 _aList of the Batrachia
260 _aLondon
_bOrder of the Trustees
_c1892
300 _avii,43p ; 21 cm
650 _aScience
650 _a4 G21
942 _cBK
999 _c235302
_d235302